000 00706nam a22002417a 4500
003 UA-OsUOA
001 35524
007 ta
008 20051205b un ||||| |||| 00| 0 ukr d
100 _aБаженов В.А.
090 _a004(075.8)
_bБ16
942 _cBK
040 _aUA-OsUOA
_bukr
_cUA-OsUOA
_dUA-OsUOA
245 _aІнформатика. Комп'ютерна техніка. Копм'ютерні технології
300 _a464 с.
955 _a2
041 _aukr
080 _a004(075.8)
020 _a966-8019-05-9
260 _aК.
_bКаравела
_c2004
650 7 _a00 Загальні питання науки і культури
_2UDC
999 _c321885
_d321885